[Event "Florianopolis op 10th"]
[Site "Florianopolis"]
[Date "2024.01.27"]
[Round "9"]
[White "Von Buelow, Georg"]
[Black "Filimberti Uczai, Joao Pedro"]
[Result "1/2-1/2"]
[WhiteElo "2345"]
[BlackElo "2122"]
[PlyCount "65"]
[EventDate "2024.01.20"]
[EventType "swiss"]
[EventRounds "10"]
[EventCountry "BRA"]
[SourceTitle "CB05_2024"]
[SourceDate "2024.01.31"]
[SourceVersion "1"]
[SourceVersionDate "2024.01.31"]
[SourceQuality "1"]

1. Nf3 d5 2. d4 Nf6 3. c4 e6 4. Nc3 Be7 5. Bf4 0-0 6. e3 b6 7. cxd5 Nxd5 8. Nxd5 exd5 9. Bd3 c5 10. b3 cxd4 11. Nxd4 Bb4+ 12. Kf1 Qf6 13. Qh5 g6 14. Qxd5 Ba6 15. Qxa8 Bxd3+ 16. Kg1 Bc3 17. Rd1 Bxd4 18. Qf3 Bc2 19. Rxd4 Nc6 20. Bh6 Qxf3 21. gxf3 Nxd4 22. exd4 Rd8 23. Kg2 f6 24. Rc1 Bf5 25. Rc7 Rd7 26. Rc8+ Kf7 27. Rf8+ Ke6 28. Be3 Ke7 29. Rh8 Ke6 30. Kf1 Bb1 31. a3 Ba2 32. b4 Bd5 33. Ke2 1/2-1/2

[Event "Titled Tuesday intern op 23rd Jan Late"]
[Site "Chess.com INT"]
[Date "2024.01.23"]
[Round "1"]
[White "Perea Fruet, Lorenzo"]
[Black "Von Buelow, Georg"]
[Result "0-1"]
[WhiteElo "2323"]
[BlackElo "2345"]
[PlyCount "88"]
[EventDate "2024.01.23"]
[EventType "swiss (blitz)"]
[EventRounds "11"]
[EventCountry "USA"]
[SourceTitle "CB05_2024"]
[SourceDate "2024.01.31"]
[SourceVersion "1"]
[SourceVersionDate "2024.01.31"]
[SourceQuality "1"]

1. f4 d5 2. Nf3 g6 3. d3 Bg7 4. Nbd2 d4 5. g3 Nh6 6. e4 dxe3 7. Nc4 Nf5 8. c3 b6 9. Nxe3 Nxe3 10. Bxe3 Bb7 11. Bg2 c5 12. 0-0 0-0 13. Qe2 e6 14. h4 Nd7 15. h5 Nf6 16. hxg6 hxg6 17. Ng5 Bxg2 18. Kxg2 Qd5+ 19. Kg1 Rfd8 20. Rfd1 e5 21. c4 Qd6 22. Ne4 Qe7 23. Nxf6+ Qxf6 24. Rab1 exf4 25. Bxf4 Re8 26. Qg2 Rad8 27. Rd2 Qf5 28. Rf1 Bd4+ 29. Kh2 Qh5+ 30. Qh3 Re2+ 31. Rxe2 Qxe2+ 32. Qg2 Qxd3 33. Re1 Bf6 34. b3 Qf5 35. Re2 Kg7 36. Be3 Rh8+ 37. Kg1 Qb1+ 38. Kf2 Rh5 39. g4 Bh4+ 40. Kf3 Rh8 41. Bf4 Bf6 42. g5 Bd4 43. Qg3 Qf5 44. Re4 Rh3 0-1

[Event "Florianopolis op 10th"]
[Site "Florianopolis"]
[Date "2024.01.21"]
[Round "2"]
[White "Bezerra, Fabiano de Oliveira"]
[Black "Von Buelow, Georg"]
[Result "0-1"]
[WhiteElo "1890"]
[BlackElo "2345"]
[PlyCount "70"]
[EventDate "2024.01.20"]
[EventType "swiss"]
[EventRounds "10"]
[EventCountry "BRA"]
[SourceTitle "CB05_2024"]
[SourceDate "2024.01.31"]
[SourceVersion "1"]
[SourceVersionDate "2024.01.31"]
[SourceQuality "1"]

1. e4 c5 2. Nc3 Nc6 3. g3 g6 4. Bg2 Bg7 5. d3 d6 6. Be3 Qa5 7. Qd2 Nd4 8. a3 e6 9. Bf4 e5 10. Be3 Ne7 11. Rc1 h5 12. Nge2 h4 13. 0-0 Bh3 14. Nxd4 cxd4 15. Ne2 Qc7 16. Bxh3 hxg3 17. Kg2 dxe3 18. Qxe3 gxh2 19. Kxh2 f5 20. Rg1 Kf7 21. Qf3 Rh7 22. Rh1 Rah8 23. Kg2 Qc6 24. Nc3 Bh6 25. Rcd1 Bf4 26. Kf1 g5 27. Bg2 Rxh1+ 28. Bxh1 g4 29. Qg2 Ng6 30. Qg1 Nh4 31. exf5 Nf3 32. Qg2 Qb6 33. Nd5 Qxb2 34. Nxf4 exf4 35. Qxg4 Nh2+ 0-1

[Event "Titled Tuesday intern op 09th Jan Early"]
[Site "Chess.com INT"]
[Date "2024.01.09"]
[Round "4"]
[White "Barbot, Pierre"]
[Black "Von Buelow, Georg"]
[Result "0-1"]
[WhiteElo "2426"]
[BlackElo "2345"]
[PlyCount "94"]
[EventDate "2024.01.09"]
[EventType "swiss (blitz)"]
[EventRounds "11"]
[EventCountry "USA"]
[SourceTitle "CB03_2024"]
[SourceDate "2024.01.17"]
[SourceVersion "1"]
[SourceVersionDate "2024.01.17"]
[SourceQuality "1"]

1. d4 Nf6 2. Nf3 d5 3. Bf4 c5 4. e3 Nc6 5. Nbd2 cxd4 6. exd4 Qb6 7. Nb3 g6 8. c3 Bg7 9. Bd3 0-0 10. 0-0 Re8 11. h3 e6 12. a4 a6 13. a5 Qd8 14. Nc5 Nd7 15. Bd6 Nxc5 16. Bxc5 Nxa5 17. b4 Nc6 18. b5 Nb8 19. b6 Nd7 20. Qb3 Nxc5 21. dxc5 Bd7 22. Rad1 Qc8 23. Qa3 Bf8 24. c4 Bxc5 25. Qb3 Bc6 26. Ne5 Bf8 27. Nxc6 Qxc6 28. cxd5 exd5 29. Rd2 Rac8 30. Be2 Red8 31. Bf3 Qc3 32. Qxc3 Rxc3 33. Rxd5 Be7 34. Rfd1 Rxd5 35. Bxd5 Bc5 36. Bxb7 Bxb6 37. Bxa6 Kg7 38. Kf1 Rc2 39. Be2 Bc5 40. f3 h5 41. g4 h4 42. f4 Be3 43. Rd3 Bxf4 44. Bf3 Bg3 45. Bg2 Rf2+ 46. Kg1 Re2 47. Kf1 Re1# 0-1

[Event "Titled Tuesday intern op 09th Jan Early"]
[Site "Chess.com INT"]
[Date "2024.01.09"]
[Round "11"]
[White "Von Buelow, Georg"]
[Black "Petrukhina, Olga"]
[Result "1-0"]
[WhiteElo "2345"]
[BlackElo "2100"]
[PlyCount "67"]
[EventDate "2024.01.09"]
[EventType "swiss (blitz)"]
[EventRounds "11"]
[EventCountry "USA"]
[SourceTitle "CB03_2024"]
[SourceDate "2024.01.17"]
[SourceVersion "1"]
[SourceVersionDate "2024.01.17"]
[SourceQuality "1"]

1. e4 e6 2. d4 d5 3. Nc3 dxe4 4. Nxe4 Nd7 5. Nf3 Ngf6 6. Nxf6+ Nxf6 7. Bd3 Bd6 8. Bg5 h6 9. Bxf6 Qxf6 10. Qe2 Bd7 11. Be4 Rb8 12. 0-0-0 Bc6 13. Kb1 0-0 14. Rhe1 a5 15. g3 a4 16. a3 Bxe4 17. Qxe4 b5 18. c3 Rfd8 19. Re2 c5 20. dxc5 Bxc5 21. Rxd8+ Rxd8 22. Kc2 Rd5 23. h4 Qd8 24. Ne5 Bd6 25. Nd3 Be7 26. Qe3 Bf6 27. Nb4 Rd6 28. Rd2 Rxd2+ 29. Qxd2 Qb6 30. Nd3 Qc6 31. Qe2 Qc4 32. Nc1 Qd5 33. Qd2 Qh1 34. Qe2 1-0

[Event "Titled Tuesday intern op 09th Jan Early"]
[Site "Chess.com INT"]
[Date "2024.01.09"]
[Round "1"]
[White "Von Buelow, Georg"]
[Black "Pinero Rodriguez, Carlos Jose"]
[Result "0-1"]
[WhiteElo "2345"]
[BlackElo "2242"]
[PlyCount "32"]
[EventDate "2024.01.09"]
[EventType "swiss (blitz)"]
[EventRounds "11"]
[EventCountry "USA"]
[SourceTitle "CB03_2024"]
[SourceDate "2024.01.17"]
[SourceVersion "1"]
[SourceVersionDate "2024.01.17"]
[SourceQuality "1"]

1. e4 c5 2. Nf3 e6 3. d4 cxd4 4. Nxd4 a6 5. Bd3 Qc7 6. 0-0 Nf6 7. Qe2 h5 8. h3 d6 9. c4 Be7 10. Nc3 Nbd7 11. Bd2 b6 12. Rac1 Bb7 13. b4 Rc8 14. a3 Ne5 15. f4 Nxd3 16. Qxd3 Qxc4 0-1

[Event "Titled Tuesday intern op 09th Jan Early"]
[Site "Chess.com INT"]
[Date "2024.01.09"]
[Round "8"]
[White "Von Buelow, Georg"]
[Black "Reprintsev, Alexander"]
[Result "0-1"]
[WhiteElo "2345"]
[BlackElo "2234"]
[PlyCount "120"]
[EventDate "2024.01.09"]
[EventType "swiss (blitz)"]
[EventRounds "11"]
[EventCountry "USA"]
[SourceTitle "CB03_2024"]
[SourceDate "2024.01.17"]
[SourceVersion "1"]
[SourceVersionDate "2024.01.17"]
[SourceQuality "1"]

1. e4 d5 2. exd5 Qxd5 3. Nc3 Qa5 4. d4 Nf6 5. Nf3 Nc6 6. Bb5 Ne4 7. 0-0 Nxc3 8. Bxc6+ bxc6 9. bxc3 Bf5 10. Bd2 e6 11. c4 Qa4 12. Ne5 Qxc2 13. Qxc2 Bxc2 14. Rfc1 Bg6 15. Nxc6 Ba3 16. Re1 0-0 17. Bc3 Rfe8 18. Ne5 Bf5 19. g4 Bc2 20. Re2 Ba4 21. Rb1 f6 22. Nd3 Kf7 23. Bb4 Bxb4 24. Rxb4 Bd1 25. Re4 Bc2 26. Re3 Bxd3 27. Rxd3 Reb8 28. Rdb3 Rb6 29. Kf1 Rd8 30. c5 Ra6 31. a4 e5 32. dxe5 fxe5 33. Rb7 Rd7 34. R3b4 Rc6 35. Rxa7 Rxc5 36. Kg2 Ke6 37. h3 Rc2 38. Ra6+ c6 39. Rb3 Rf7 40. Rf3 Rxf3 41. Kxf3 Rc3+ 42. Ke2 Kd5 43. f3 e4 44. fxe4+ Kxe4 45. a5 Rc2+ 46. Kd1 Rc5 47. Ra7 Kd3 48. a6 Ra5 49. Kc1 Kc3 50. Kb1 g5 51. Rxh7 Rxa6 52. Rg7 Ra5 53. Rg6 Rb5+ 54. Kc1 Rc5 55. Kd1 Kd3 56. Rd6+ Ke3 57. Rf6 Rd5+ 58. Kc2 Rc5+ 59. Kd1 Ke4 60. Kd2 Rd5+ 0-1

[Event "Titled Tuesday intern op 19th Dec Early"]
[Site "Chess.com INT"]
[Date "2023.12.19"]
[Round "10"]
[White "Boor, Carl Brandon"]
[Black "Von Buelow, Georg"]
[Result "0-1"]
[WhiteElo "2231"]
[BlackElo "2345"]
[PlyCount "60"]
[EventDate "2023.12.19"]
[EventType "swiss (blitz)"]
[EventRounds "11"]
[EventCountry "USA"]
[SourceTitle "CB52_2023"]
[SourceDate "2023.12.27"]
[SourceVersion "1"]
[SourceVersionDate "2023.12.27"]
[SourceQuality "1"]

1. d4 Nf6 2. Bg5 d5 3. e3 c5 4. c3 cxd4 5. cxd4 Nc6 6. Nc3 a6 7. Bd3 Bg4 8. Nge2 Bxe2 9. Qxe2 e6 10. 0-0 Be7 11. Rfc1 0-0 12. Qf3 h6 13. Bh4 Rc8 14. Qh3 b5 15. g4 Nh7 16. Bg3 Na5 17. Ne2 Nc4 18. b3 Nd6 19. Qg2 Qd7 20. h4 Rxc1+ 21. Rxc1 Rc8 22. Rxc8+ Qxc8 23. g5 hxg5 24. hxg5 Nf8 25. Bxd6 Bxd6 26. g6 fxg6 27. Bxg6 Qd8 28. f4 Qh4 29. Qg3 Qxg3+ 30. Nxg3 Nxg6 0-1

[Event "Titled Tuesday intern op 19th Dec Early"]
[Site "Chess.com INT"]
[Date "2023.12.19"]
[Round "11"]
[White "Von Buelow, Georg"]
[Black "Nanu, Ciprian Costica"]
[Result "0-1"]
[WhiteElo "2345"]
[BlackElo "2523"]
[PlyCount "50"]
[EventDate "2023.12.19"]
[EventType "swiss (blitz)"]
[EventRounds "11"]
[EventCountry "USA"]
[SourceTitle "CB52_2023"]
[SourceDate "2023.12.27"]
[SourceVersion "1"]
[SourceVersionDate "2023.12.27"]
[SourceQuality "1"]

1. e4 c6 2. d4 d5 3. e5 Bf5 4. h4 h5 5. Bg5 Nd7 6. Bd3 Bxd3 7. Qxd3 Nh6 8. e6 Nf6 9. Nd2 Qd6 10. exf7+ Nxf7 11. Ngf3 0-0-0 12. 0-0-0 Kb8 13. Rhe1 Ka8 14. g3 Ng4 15. Re2 e5 16. dxe5 Nfxe5 17. Nxe5 Nxe5 18. Rxe5 Qxe5 19. Bxd8 Bc5 20. Nf3 Qe6 21. Re1 Qg4 22. Bc7 Bxf2 23. Ne5 Qh3 24. Re2 Bxg3 25. Re3 Bf4 0-1

[Event "Titled Tuesday intern op 23rd May Early"]
[Site "Chess.com INT"]
[Date "2023.05.23"]
[Round "3"]
[White "Hinds, Nathan"]
[Black "Von Buelow, Georg"]
[Result "0-1"]
[WhiteElo "1976"]
[BlackElo "2345"]
[PlyCount "172"]
[EventDate "2023.05.23"]
[EventType "swiss (blitz)"]
[EventRounds "11"]
[EventCountry "USA"]
[SourceTitle "CBM 214 Extra"]
[Source "ChessBase"]
[SourceDate "2023.07.31"]
[SourceVersion "1"]
[SourceVersionDate "2023.07.31"]
[SourceQuality "1"]

1. Nf3 Nf6 2. c4 c5 3. Nc3 Nc6 4. g3 d5 5. cxd5 Nxd5 6. Bg2 Nc7 7. 0-0 e5 8. d3 Be7 9. Be3 0-0 10. Rc1 Rb8 11. Nd2 Bd7 12. a4 b6 13. Nc4 f6 14. Nd5 Nxd5 15. Bxd5+ Kh8 16. Bg2 Nd4 17. Bd2 Bg4 18. f3 Be6 19. e3 Nf5 20. Qe2 Qd7 21. Rfd1 Qxa4 22. Be1 Qd7 23. g4 Nd6 24. b3 Nb5 25. h3 Rbd8 26. Bg3 Rfe8 27. Kh2 Bf8 28. Qb2 Bf7 29. h4 Bg6 30. Bf1 Qb7 31. Be2 Bf7 32. h5 h6 33. Ra1 a5 34. Nd2 Nc7 35. Ne4 Nd5 36. Bf2 Bg8 37. Ng3 Bh7 38. e4 Nf4 39. Bf1 Rd7 40. Be3 Ne6 41. Rac1 Red8 42. Qc3 Bg8 43. Ne2 Nd4 44. Bxd4 exd4 45. Qd2 Bd6+ 46. f4 Re7 47. Kg2 Be6 48. Kh3 Bxb3 49. Bg2 Qd7 50. Ng3 Bxd1 51. Rxd1 Ree8 52. Nf5 Qc7 53. Kg3 Bf8 54. Rf1 a4 55. Qa2 Ra8 56. Kh4 Ra7 57. g5 fxg5+ 58. fxg5 Qd8 59. Qd2 a3 60. Kg4 Qxg5+ 61. Qxg5 hxg5 62. Kxg5 a2 63. Ra1 Re6 64. Bh3 Be7+ 65. Kf4 Bd6+ 66. Kg5 Be5 67. Nh4 Bf6+ 68. Kg4 Re8 69. Ng6+ Kh7 70. Bg2 Kh6 71. Bf3 Rb8 72. Kf5 b5 73. e5 Bg5 74. Be4 Rf7+ 75. Ke6 Rf2 76. Bf5 Rb2 77. Kd5 b4 78. e6 b3 79. e7 Bxe7 80. Re1 Rb1 81. Re6 Bf6 82. Bg4 a1Q 83. Bf3 Rf1 84. Nf8 Rxf3 85. Nd7 Rf5+ 86. Kd6 Qa6+ 0-1

[Event "Titled Tuesday intern op 07th Feb Early"]
[Site "Chess.com INT"]
[Date "2023.02.07"]
[Round "5"]
[White "Krzywda, Andrzej"]
[Black "Von Buelow, Georg"]
[Result "0-1"]
[WhiteElo "2235"]
[BlackElo "2345"]
[PlyCount "56"]
[EventDate "2023.02.07"]
[EventType "swiss (blitz)"]
[EventRounds "11"]
[EventCountry "USA"]
[SourceTitle "EXT 2024"]
[Source "ChessBase"]
[SourceDate "2023.10.10"]
[SourceVersion "1"]
[SourceVersionDate "2023.10.10"]
[SourceQuality "1"]

1. d4 Nf6 2. c4 g6 3. Nf3 Bg7 4. Nc3 d5 5. Bf4 c5 6. dxc5 Qa5 7. cxd5 Nxd5 8. Be5 Nxc3 9. Bxc3 Bxc3+ 10. bxc3 Qxc3+ 11. Nd2 0-0 12. Rc1 Qa5 13. Qc2 Rd8 14. Qc3 Qxa2 15. h4 Qd5 16. h5 Qd4 17. hxg6 hxg6 18. Qc2 Nc6 19. e3 Qg4 20. Qc3 e5 21. f3 Qg3+ 22. Ke2 Bf5 23. e4 Be6 24. Nc4 Bxc4+ 25. Qxc4 Rd4 26. Qa2 Rad8 27. Ke3 Qf4+ 28. Kf2 Rd2+ 0-1

[Event "Titled Tuesday intern op 07th Feb Early"]
[Site "Chess.com INT"]
[Date "2023.02.07"]
[Round "10"]
[White "Von Buelow, Georg"]
[Black "Bashirli, Saadat"]
[Result "1-0"]
[WhiteElo "2345"]
[BlackElo "1597"]
[PlyCount "127"]
[EventDate "2023.02.07"]
[EventType "swiss (blitz)"]
[EventRounds "11"]
[EventCountry "USA"]
[SourceTitle "EXT 2024"]
[Source "ChessBase"]
[SourceDate "2023.10.10"]
[SourceVersion "1"]
[SourceVersionDate "2023.10.10"]
[SourceQuality "1"]

1. e4 e6 2. d4 d5 3. Nc3 Bb4 4. e5 c5 5. a3 Bxc3+ 6. bxc3 Nc6 7. Qg4 Kf8 8. a4 Nge7 9. Nf3 Qa5 10. Bd2 Nf5 11. Bd3 Qb6 12. 0-0 cxd4 13. Bxf5 exf5 14. Qf4 dxc3 15. Bxc3 Be6 16. Rfb1 Qc7 17. Nd4 Nxd4 18. Bb4+ Ke8 19. Qxd4 b6 20. a5 bxa5 21. Rxa5 Rb8 22. c3 Qb6 23. Rxa7 Qxd4 24. cxd4 Bd7 25. Kf1 f4 26. Ke1 Be6 27. Kd2 Bf5 28. Rb2 Be6 29. Kc3 Rc8+ 30. Bc5 Bd7 31. Rbb7 Be6 32. Re7+ Kd8 33. Kb4 Rb8+ 34. Ka5 Re8 35. Bb6+ Rxb6 36. Rxe8+ Kxe8 37. Kxb6 Bd7 38. Kc7 Ke7 39. Kb6 f6 40. exf6+ gxf6 41. Kc5 Ke6 42. Rxd7 Kxd7 43. Kxd5 Ke7 44. f3 Kd7 45. h4 f5 46. Ke5 h5 47. Kxf5 Kd6 48. Ke4 Ke6 49. Kxf4 Kd6 50. Ke4 Ke6 51. d5+ Kf6 52. g4 hxg4 53. fxg4 Kg6 54. Kf4 Kf6 55. h5 Kg7 56. g5 Kf7 57. Ke5 Ke7 58. d6+ Kd7 59. Kd5 Kd8 60. Ke6 Ke8 61. g6 Kd8 62. h6 Kc8 63. h7 Kd8 64. h8Q# 1-0

[Event "Rio de Janeiro Duchamp op 4th"]
[Site "Rio de Janeiro"]
[Date "2022.12.14"]
[Round "9"]
[White "Librelato, Kathie Goulart"]
[Black "Von Buelow, Georg"]
[Result "1/2-1/2"]
[WhiteElo "2194"]
[BlackElo "2361"]
[PlyCount "64"]
[EventDate "2022.12.07"]
[EventType "swiss"]
[EventRounds "9"]
[EventCountry "BRA"]
[SourceTitle "CBM 211 Extra"]
[Source "ChessBase"]
[SourceDate "2023.01.31"]
[SourceVersion "1"]
[SourceVersionDate "2023.01.31"]
[SourceQuality "1"]

1. e4 e5 2. Bc4 Nf6 3. d3 Nc6 4. Nc3 Na5 5. Nge2 Be7 6. 0-0 0-0 7. a4 Nxc4 8. dxc4 d6 9. Ng3 c6 10. Qd3 Be6 11. Rd1 Qc7 12. Nf1 Rad8 13. Ne3 g6 14. b3 Nh5 15. Qe2 Nf4 16. Qf3 f5 17. exf5 gxf5 18. Nf1 Ng6 19. Bh6 Rf7 20. Rd2 Kh8 21. Rad1 Rg8 22. Qh3 Bc8 23. f4 Nxf4 24. Bxf4 exf4 25. Qf3 Rfg7 26. Kh1 Qa5 27. Re2 Bf6 28. Na2 Be5 29. Nc1 Qc7 30. Nd3 b6 31. Nxf4 d5 32. Nh5 Rg5 1/2-1/2

[Event "Titled Tuesday intern op 29th Nov Early"]
[Site "Chess.com INT"]
[Date "2022.11.29"]
[Round "3"]
[White "Stijve, Theo"]
[Black "Von Buelow, Georg"]
[Result "0-1"]
[WhiteElo "2363"]
[BlackElo "2361"]
[PlyCount "106"]
[EventDate "2022.11.29"]
[EventType "swiss (blitz)"]
[EventRounds "11"]
[EventCountry "USA"]
[SourceTitle "EXT 2024"]
[Source "ChessBase"]
[SourceDate "2023.10.10"]
[SourceVersion "1"]
[SourceVersionDate "2023.10.10"]
[SourceQuality "1"]

1. d4 Nf6 2. c4 Nc6 3. d5 Ne5 4. Nc3 Nxc4 5. e4 Ne5 6. f4 Ng6 7. e5 Ng8 8. Nf3 e6 9. Bc4 Bc5 10. Ne4 Bb6 11. d6 Nh6 12. a4 a5 13. Nfg5 0-0 14. Qh5 cxd6 15. Nxd6 Bc5 16. Nde4 Bb4+ 17. Kf2 d5 18. exd6 Bxd6 19. Rd1 Qb6+ 20. Be3 Qxb2+ 21. Kg1 Be7 22. Bd4 Qb4 23. Bb5 Nxf4 24. Qf3 Ng6 25. g3 e5 26. Bf2 Bg4 27. Qe3 Bxd1 28. Rxd1 Rad8 29. Re1 Nf5 30. Qf3 Nd4 31. Qh5 h6 32. Nh3 Qb3 33. Re3 Qe6 34. Re1 Nf5 35. Nhg5 Bxg5 36. Nxg5 hxg5 37. Qxg5 Qf6 38. Qg4 Nd4 39. h4 Nf3+ 40. Kg2 Nxe1+ 41. Bxe1 e4 42. h5 Qf3+ 43. Kh3 Qxg4+ 44. Kxg4 Ne5+ 45. Kf4 Nd3+ 46. Bxd3 exd3 47. Bd2 Rfe8 48. h6 Re2 49. h7+ Kxh7 50. Bxa5 Rde8 51. Kf3 d2 52. Bxd2 Rxd2 53. a5 Ra2 0-1

[Event "Titled Tuesday intern op 29th Nov Early"]
[Site "Chess.com INT"]
[Date "2022.11.29"]
[Round "4"]
[White "Von Buelow, Georg"]
[Black "Donskov, Anatoly"]
[Result "0-1"]
[WhiteElo "2361"]
[BlackElo "2279"]
[PlyCount "54"]
[EventDate "2022.11.29"]
[EventType "swiss (blitz)"]
[EventRounds "11"]
[EventCountry "USA"]
[SourceTitle "EXT 2024"]
[Source "ChessBase"]
[SourceDate "2023.10.10"]
[SourceVersion "1"]
[SourceVersionDate "2023.10.10"]
[SourceQuality "1"]

1. e4 c5 2. Nf3 e6 3. d4 cxd4 4. Nxd4 Nf6 5. Nc3 Nc6 6. Ndb5 Bc5 7. Bf4 0-0 8. Bc7 Qe7 9. Bd6 Bxd6 10. Qxd6 Qd8 11. Nc7 Rb8 12. 0-0-0 a6 13. Be2 b5 14. e5 Ne8 15. Nxe8 Rxe8 16. f4 Qa5 17. Qc5 Bb7 18. Rxd7 Nb4 19. a3 Nd5 20. Nxd5 Bxd5 21. Bf3 Bxf3 22. gxf3 Rbc8 23. Qb4 Qb6 24. Rhd1 a5 25. Qd4 Qc6 26. Qe4 Qc5 27. Qd4 Qxc2# 0-1

[Event "Titled Tuesday intern op 18th Oct Early"]
[Site "Chess.com INT"]
[Date "2022.10.18"]
[Round "2"]
[White "Camacho Collados, Jose"]
[Black "Von Buelow, Georg"]
[Result "1-0"]
[WhiteElo "2408"]
[BlackElo "2361"]
[PlyCount "75"]
[EventDate "2022.10.18"]
[EventType "swiss (blitz)"]
[EventRounds "11"]
[EventCountry "USA"]
[SourceTitle "EXT 2024"]
[Source "ChessBase"]
[SourceDate "2023.10.10"]
[SourceVersion "1"]
[SourceVersionDate "2023.10.10"]
[SourceQuality "1"]

1. c4 Nf6 2. g3 e5 3. Bg2 c6 4. d4 exd4 5. Qxd4 d5 6. Nc3 Be6 7. Bf4 dxc4 8. Qxd8+ Kxd8 9. 0-0-0+ Nbd7 10. Nf3 Nd5 11. Ng5 Nxf4 12. gxf4 Be7 13. Nxe6+ fxe6 14. Bh3 Ke8 15. Bxe6 Nb6 16. e4 Rf8 17. f5 Bg5+ 18. Kc2 Ke7 19. h4 Bf6 20. f4 g6 21. h5 gxf5 22. Bxf5 h6 23. Bg6 Bxc3 24. Kxc3 Rxf4 25. Bf5 Rg8 26. Rhg1 Rf3+ 27. Kd4 Rgg3 28. Ke5 a5 29. Rxg3 Rxg3 30. Rd6 Rg2 31. Rxh6 Rxb2 32. Rh7+ Kf8 33. Kf6 Kg8 34. Rg7+ Kf8 35. h6 Rh2 36. h7 Rh6+ 37. Bg6 c3 38. Rg8# 1-0

[Event "Titled Tuesday intern op 18th Oct Early"]
[Site "Chess.com INT"]
[Date "2022.10.18"]
[Round "3"]
[White "Najdin, Danil"]
[Black "Von Buelow, Georg"]
[Result "1/2-1/2"]
[WhiteElo "2235"]
[BlackElo "2361"]
[PlyCount "152"]
[EventDate "2022.10.18"]
[EventType "swiss (blitz)"]
[EventRounds "11"]
[EventCountry "USA"]
[SourceTitle "EXT 2024"]
[Source "ChessBase"]
[SourceDate "2023.10.10"]
[SourceVersion "1"]
[SourceVersionDate "2023.10.10"]
[SourceQuality "1"]

1. Nf3 Nf6 2. d3 g6 3. e4 Bg7 4. e5 Nd5 5. c4 Nb6 6. c5 Nd5 7. Nc3 Nxc3 8. bxc3 d6 9. cxd6 cxd6 10. d4 Nc6 11. exd6 Qxd6 12. Bc4 0-0 13. 0-0 e5 14. d5 Na5 15. Bb3 b6 16. a4 Rd8 17. Ba3 Qc7 18. d6 Qd7 19. Bd5 Bb7 20. Ng5 Bxd5 21. Qxd5 Rac8 22. Rfd1 Nc4 23. Ne4 Nxa3 24. Rxa3 Qc6 25. g4 Qxd5 26. Rxd5 Rc4 27. f3 Rc6 28. g5 a6 29. Rb3 h6 30. h4 hxg5 31. hxg5 f5 32. gxf6 Bf8 33. d7 Kf7 34. Rb1 Ke6 35. Rbd1 Rc7 36. Kf2 Rc6 37. Kg3 Kf5 38. a5 b5 39. R1d2 Rc7 40. R2d3 Rc6 41. Rd2 Rc7 42. Rd1 Rc6 43. Kf2 g5 44. Ke3 Rc4 45. Rg1 Ke6 46. Rgd1 Rc7 47. Nxg5+ Kxf6 48. Ne4+ Ke6 49. Ng5+ Kf5 50. Rg1 Kf6 51. Ne4+ Ke6 52. Rd3 Be7 53. Rg6+ Kf7 54. Rxa6 Rcxd7 55. Rxd7 Rxd7 56. Rb6 Rd5 57. a6 Bc5+ 58. Nxc5 Rxc5 59. a7 Rxc3+ 60. Ke4 Ra3 61. Rb7+ Ke6 62. Rxb5 Rxa7 63. Rb6+ Ke7 64. Kxe5 Ra5+ 65. Kf4 Kf7 66. Kg4 Rc5 67. f4 Ra5 68. Rc6 Rb5 69. Rd6 Rc5 70. Ra6 Rb5 71. f5 Rb1 72. Kg5 Rg1+ 73. Kf4 Rf1+ 74. Kg5 Rg1+ 75. Kf4 Rf1+ 76. Kg5 Rg1+ 1/2-1/2

[Event "Titled Tuesday intern op 18th Oct Early"]
[Site "Chess.com INT"]
[Date "2022.10.18"]
[Round "4"]
[White "Von Buelow, Georg"]
[Black "Boraso, Alessio"]
[Result "0-1"]
[WhiteElo "2361"]
[BlackElo "2262"]
[PlyCount "38"]
[EventDate "2022.10.18"]
[EventType "swiss (blitz)"]
[EventRounds "11"]
[EventCountry "USA"]
[SourceTitle "EXT 2024"]
[Source "ChessBase"]
[SourceDate "2023.10.10"]
[SourceVersion "1"]
[SourceVersionDate "2023.10.10"]
[SourceQuality "1"]

1. e4 c5 2. Nf3 e6 3. d4 cxd4 4. Nxd4 Nc6 5. Nb5 Nf6 6. N1c3 Bc5 7. Bf4 0-0 8. Bc7 Qe7 9. Bd6 Bxd6 10. Qxd6 Qd8 11. Nc7 Rb8 12. Be2 a6 13. e5 Ne8 14. Nxe8 Rxe8 15. f4 b5 16. 0-0-0 Qa5 17. Kb1 Rb6 18. Bf3 b4 19. Ne4 b3 0-1

[Event "Titled Tuesday intern op 18th Oct Late"]
[Site "Chess.com INT"]
[Date "2022.10.18"]
[Round "7"]
[White "Von Buelow, Georg"]
[Black "Joubert, Dantelle"]
[Result "1-0"]
[WhiteElo "2361"]
[BlackElo "1566"]
[PlyCount "49"]
[EventDate "2022.10.18"]
[EventType "swiss (blitz)"]
[EventRounds "11"]
[EventCountry "USA"]
[SourceTitle "EXT 2024"]
[Source "ChessBase"]
[SourceDate "2023.10.10"]
[SourceVersion "1"]
[SourceVersionDate "2023.10.10"]
[SourceQuality "1"]

1. e4 e5 2. Nf3 Nc6 3. Nc3 Nf6 4. d4 exd4 5. Nxd4 Bb4 6. Nxc6 bxc6 7. Bd3 0-0 8. 0-0 d5 9. exd5 Ng4 10. dxc6 Qh4 11. Bf4 Be6 12. Qf3 Bxc3 13. bxc3 Rad8 14. Bxc7 Rc8 15. Bg3 Qg5 16. c4 h5 17. Rfe1 h4 18. Bf4 Qh5 19. c7 Nf6 20. Qxh5 Nxh5 21. Bd6 Rfe8 22. c5 Bd7 23. Ba6 Rxe1+ 24. Rxe1 Ra8 25. Bb7 1-0

[Event "Titled Tuesday intern op 27th Sep Early"]
[Site "Chess.com INT"]
[Date "2022.09.27"]
[Round "11"]
[White "Dilmukhametov, Artur"]
[Black "Von Buelow, Georg"]
[Result "0-1"]
[WhiteElo "2276"]
[BlackElo "2361"]
[PlyCount "40"]
[EventDate "2022.09.27"]
[EventType "swiss (blitz)"]
[EventRounds "11"]
[EventCountry "USA"]
[SourceTitle "CBM 210 Extra"]
[Source "ChessBase"]
[SourceDate "2022.11.30"]
[SourceVersion "1"]
[SourceVersionDate "2022.11.30"]
[SourceQuality "1"]

1. e4 c5 2. c3 Nf6 3. e5 Nd5 4. d4 cxd4 5. cxd4 d6 6. exd6 Qxd6 7. Nf3 Nc6 8. Nc3 Nxc3 9. bxc3 e6 10. Bb5 Be7 11. 0-0 0-0 12. Re1 b6 13. Ne5 Nxe5 14. Rxe5 Bb7 15. Qg4 Bf6 16. Rh5 g6 17. Rh3 Rfd8 18. Bf4 e5 19. Bg3 Qd5 20. Be2 Qxg2# 0-1